ბათუმის შოთა რუსთაველის სახელმწიფო უნივერსიტეტის ბიბლიოთეკა

ფიზიკური ქიმიის ლაბორატორიული სახელმძღვანელო (ბიბ.ჩანაწერი № 53157)

000 -LEADER
fixed length control field 00926nam a2200241Ia 4500
001 - CONTROL NUMBER
control field 20196
003 - CONTROL NUMBER IDENTIFIER
control field GE_BSU
008 - FIXED-LENGTH DATA ELEMENTS--GENERAL INFORMATION
fixed length control field 181216s||||||||xx |||||||||||||| ||und||
040 ## - CATALOGING SOURCE
Transcribing agency GE_BSU
080 ## - UNIVERSAL DECIMAL CLASSIFICATION NUMBER
Universal Decimal Classification number 544(076.5)
100 ## - MAIN ENTRY--PERSONAL NAME
Personal name კოკოჩაშვილი, ვიქტორ
245 ## - TITLE STATEMENT
Title ფიზიკური ქიმიის ლაბორატორიული სახელმძღვანელო
245 ## - TITLE STATEMENT
Statement of responsibility, etc. რედ. შ. სიდამონიძე
250 ## - EDITION STATEMENT
Edition statement მე-2 გადამუშ. გამოც.
260 ## - PUBLICATION, DISTRIBUTION, ETC.
Place of publication, distribution, etc. თბილისი
260 ## - PUBLICATION, DISTRIBUTION, ETC.
Name of publisher, distributor, etc. თბილ. უნ-ტის გამ-ბა
260 ## - PUBLICATION, DISTRIBUTION, ETC.
Date of publication, distribution, etc. 1980
300 ## - PHYSICAL DESCRIPTION
Extent 450გვ. : ილ. ; 22სმ..
653 ## - INDEX TERM--UNCONTROLLED
Uncontrolled term ფიზიკური ქიმიის ლაბორატორიული სახელმძღვანელო
653 ## - INDEX TERM--UNCONTROLLED
Uncontrolled term ქიმია
942 ## - ADDED ENTRY ELEMENTS (KOHA)
Koha item type წიგნი
ეგზემპლარები
Withdrawn status Lost status Damaged status Not for loan Date acquired Barcode Date last seen Price effective from Koha item type
        2018-12-17 27952 2018-12-17 2018-12-17 წიგნი